01270nem a2200325 4500001001200000003000800012006001900020007001500039008004100054034000600095040002100101035002100122050002200143050002300165052000900188052000900197245006200206246014900268255001800417260004300435300003000478533015200508651002700660651005000687655002900737710002000766710001700786856012600803999001500929ebr10002627CaPaEBRm u cr cn|||||||||101210s1997 xx s a s 0 eng d0 aa aCaPaEBRcCaPaEBR a(OCoLC)70440951514aE468b.C58 1997eb14aG3860b.C58 1997eb a3860 a370004aThe Civil War, central U.S., 1862h[electronic resource].3 iTitle from title screen:aCivil War, central U.S., 1862-- North America, United States, Kentucky, Tennessee, Mississippi, Louisiana, Alabama map aScale varies. a[S.l.] :bMagellan Geographix,cc1997. a1 online resource (1 map) aElectronic reproduction.bPalo Alto, Calif. :cebrary,d2011.nAvailable via World Wide Web.nAccess may be limited to ebrary affiliated libraries. 0aSouthern StatesvMaps. 0aUnited StatesxHistoryyCivil War, 1861-1865. 7aElectronic books.2local2 aMaps.com (Firm)2 aebrary, Inc.40uhttp://site.ebrary.com/lib/rucke/Doc?id=10002627zAn electronic book accessible through the World Wide Web; click to view c2374d2374